काशी का संगीत : (Record no. 121397)
[ view plain ]
| 000 -LEADER | |
|---|---|
| fixed length control field | 01090nam a22002537a 4500 |
| 005 - DATE AND TIME OF LATEST TRANSACTION | |
| control field | 20170124103214.0 |
| 010 ## - LIBRARY OF CONGRESS CONTROL NUMBER | |
| LC control number | A-933067 |
| 020 ## - INTERNATIONAL STANDARD BOOK NUMBER | |
| Terms of availability | 750.00 |
| 035 ## - SYSTEM CONTROL NUMBER | |
| System control number | A-933067 |
| 037 ## - SOURCE OF ACQUISITION | |
| Source of stock number/acquisition | Cen Lib/Ret |
| 040 ## - CATALOGING SOURCE | |
| Original cataloging agency | DPL |
| Language of cataloging | HN |
| 082 ## - DEWEY DECIMAL CLASSIFICATION NUMBER | |
| Classification number | 780 |
| Item number | मिश्रका |
| 100 ## - MAIN ENTRY--PERSONAL NAME | |
| Personal name | मिश्र, कामलेश्वर |
| 9 (RLIN) | 97009 |
| 245 ## - TITLE STATEMENT | |
| Title | काशी का संगीत : |
| Statement of responsibility, etc | कामलेश्वर मिश्र |
| Remainder of title | संगीतजगत को काशी का योगदान / |
| 246 ## - VARYING FORM OF TITLE | |
| Title proper/short title | Kashi ka sangeet : sangeetjagat ko kashi ka yogdan / |
| Remainder of title | by Kamleshwar Mishra |
| 260 ## - PUBLICATION, DISTRIBUTION, ETC. (IMPRINT) | |
| Place of publication, distribution, etc | लखनऊ |
| Name of publisher, distributor, etc | भारत बुक सेंटर |
| Date of publication, distribution, etc | 1997 |
| 270 ## - ADDRESS | |
| City | लखनऊ |
| Address | 17, अशोक नगर |
| Postal code | 226001 |
| 300 ## - PHYSICAL DESCRIPTION | |
| Extent | 394पृ. : |
| Dimensions | 21सेमी(सजिल्द ) |
| Other physical details | सचित्र |
| 650 ## - SUBJECT ADDED ENTRY--TOPICAL TERM | |
| Topical term or geographic name as entry element | संगीत |
| General subdivision | |
| Geographic subdivision | |
| 9 (RLIN) | 97010 |
| 650 ## - SUBJECT ADDED ENTRY--TOPICAL TERM | |
| Topical term or geographic name as entry element | संगीत इतिहास -- भारत |
| 9 (RLIN) | 1542 |
| 650 ## - SUBJECT ADDED ENTRY--TOPICAL TERM | |
| Topical term or geographic name as entry element | Music |
| 9 (RLIN) | 4778 |
| 650 ## - SUBJECT ADDED ENTRY--TOPICAL TERM | |
| Topical term or geographic name as entry element | Music History - India |
| 9 (RLIN) | 97011 |
| 942 ## - ADDED ENTRY ELEMENTS (KOHA) | |
| Source of classification or shelving scheme | Dewey Decimal Classification |
| Koha item type | Hindi Books |
| Classification part | 780 |
| Call number suffix | मिश्रका |
| Withdrawn status | Lost status | Damaged status | Not for loan | Home library | Current library | Date acquired | Source of acquisition | Cost, normal purchase price | Total Checkouts | Full call number | Barcode | Date last seen | Copy number | Cost, replacement price | Price effective from | Koha item type |
|---|---|---|---|---|---|---|---|---|---|---|---|---|---|---|---|---|
| Central Library | Central Library | 06/10/2015 | Cen Lib/Ref | 750.00 | 780 मिश्रका | A-933067 | 06/10/2015 | 1 | 750.00 | 06/10/2015 | Hindi Books |
